Relación histórica de la última campaña del Marqués del Duero / (Record no. 167056)
[ view plain ]
| 000 -LEADER | |
|---|---|
| campo de control de longitud fija | 01539nam a22002895i 4500 |
| 001 - NÚMERO DE CONTROL | |
| campo de control | 167056 |
| 003 - IDENTIFICADOR DE NÚMERO DE CONTROL | |
| campo de control | ES-MaACL |
| 005 - FECHA Y HORA DE LA ÚLTIMA TRANSACCIÓN | |
| campo de control | 20250812074048.0 |
| 008 - DATOS DE LONGITUD FIJA--INFORMACIÓN GENERAL | |
| campo de control de longitud fija | 990531s1874 sp bf |||| | spa d |
| 040 ## - FUENTE DE CATALOGACIÓN | |
| Centro catalogador/agencia de origen | M-RACM |
| Lengua de catalogación | spa |
| Centro/agencia transcriptor | M-RACM |
| Centro/agencia modificador | CCPB | B |
| 100 1# - ENTRADA PRINCIPAL--NOMBRE DE PERSONA | |
| Nombre de persona | Vega-Inclán, Miguel de la. |
| 9 (RLIN) | 152309 |
| 245 10 - MENCIÓN DEL TÍTULO | |
| Título | Relación histórica de la última campaña del Marqués del Duero / |
| Mención de responsabilidad, etc. | homenaje de honor militar que tributan a la memoria de tan esclarecido caudillo, D. Miguel de la Vega-Inclán, D. José de Castro y López y D. Manuel Astorga ; con una introducción escrita por don José Gómez de Arteche. |
| 260 ## - PUBLICACIÓN, DISTRIBUCIÓN, ETC. | |
| Lugar de publicación, distribución, etc. | Madrid : |
| Nombre del editor, distribuidor, etc. | [s.n.], |
| Fecha de publicación, distribución, etc. | 1874 ( |
| Fabricante | Imprenta y litografía del Depósito de la Guerra) |
| 300 ## - DESCRIPCIÓN FÍSICA | |
| Extensión | XXX, 150, XLIV, [6] h. de lám., [7] h. de mapa pleg. ; |
| Dimensiones | 23 cm. |
| 597 ## - NOTA DE DESCRIPCIÓN FÍSICA | |
| NOTA DE DESCRIPCIÓN FÍSICA | Antep. |
| 599 ## - NOTA A LAS ILUSTRACIONES | |
| NOTA A LAS ILUSTRACIONES | Las h. de lám. representan vistas de los terrenos donde se desarrollaron las batallas. |
| 599 ## - NOTA A LAS ILUSTRACIONES | |
| NOTA A LAS ILUSTRACIONES | Las h. de mapa representan zonas geográficas del Pais Vasco. |
| 599 ## - NOTA A LAS ILUSTRACIONES | |
| NOTA A LAS ILUSTRACIONES | La h. de grab. antes de port. es litogr.: "Lit. Donon. Madrid", retrato y facsimil de la firma del General D. Manuel de la Concha. |
| 600 14 - PUNTO DE ACCESO ADICIONAL DE MATERIA--NOMBRE DE PERSONA | |
| Nombre de persona | Duero, Manuel Gutiérrez de la Concha, |
| Títulos y otros términos asociados al nombre | Marqués del, |
| Fechas asociadas al nombre | 1808-1874 |
| 9 (RLIN) | 148021 |
| 650 #7 - PUNTO DE ACCESO ADICIONAL DE MATERIA--TÉRMINO DE MATERIA | |
| Término de materia o nombre geográfico como elemento de entrada | Arte y ciencia militar |
| Fuente del encabezamiento o término | embne |
| 9 (RLIN) | 135619 |
| 700 21 - ENTRADA AGREGADA--NOMBRE PERSONAL | |
| Nombre de persona | Castro y López, José. |
| 9 (RLIN) | 126394 |
| 700 11 - ENTRADA AGREGADA--NOMBRE PERSONAL | |
| Nombre de persona | Astorga, Manuel. |
| 9 (RLIN) | 125735 |
| 700 0# - ENTRADA AGREGADA--NOMBRE PERSONAL | |
| Nombre de persona | Gómez de Arteche, José. |
| 9 (RLIN) | 57884 |
| 852 ## - LOCALIZACIÓN | |
| Ubicación | ES-MaACL |
| Número de control de estantería | G-13650 |
| Nota libre | -- Enc. hol. |
| 852 ## - LOCALIZACIÓN | |
| Ubicación | ES-MaACL |
| Número de control de estantería | B-964 |
| Nota libre | -- Enc. hol. |
| Estatus retirado | Estado de pérdida | Estado de daño | No para préstamo | Colección | Biblioteca de origen | Biblioteca actual | Ubicación en estantería | Fecha de adquisición | Fuente de adquisición | Total de préstamos | Signatura topográfica completa | Código de barras | Visto por última vez | Precio de reemplazo | Tipo de ítem Koha |
|---|---|---|---|---|---|---|---|---|---|---|---|---|---|---|---|
| Libros del s. XIX | Biblioteca del Ateneo de Madrid | Biblioteca del Ateneo de Madrid | Sala Pardo Bazán | 17/01/2008 | B-964 | 1175240 | 23/02/2023 | 23/02/2023 | Libro impreso antiguo | ||||||
| Libros del s. XIX | Biblioteca del Ateneo de Madrid | Biblioteca del Ateneo de Madrid | Sala Pecera Planta 3 | 17/01/2008 | G-13650 | 1175239 | 23/02/2023 | 23/02/2023 | Libro impreso antiguo |
